| 000 | 00707nam a2200217 i 4500 | ||
|---|---|---|---|
| 001 | 103619 | ||
| 003 | ES-MaACL | ||
| 005 | 20240508063041.0 | ||
| 007 | t| | ||
| 008 | 060424s1975 pr ||||1| spa d | ||
| 080 | _a821.134.2(729.5)-14"19" | ||
| 100 | 1 |
_aDiego, José de, _d1867-1918 _944549 |
|
| 245 | 1 | 0 |
_aCantos de pitirre / _cJosé de Diego ; prólogo Concha Meléndez. |
| 260 |
_aSan Juan, Puerto Rico : _bCordillera, _c1975. |
||
| 300 |
_a114 p. ; _c18 cm. |
||
| 490 | 1 | _aLos grandes escritores de Puerto Rico | |
| 700 | 1 |
_aMeléndez, Concha. _979908 |
|
| 830 | 0 |
_aLos grandes escritores de Puerto Rico _9184786 |
|
| 852 |
_aES-MaACL _jC-56849 _bR.137473 |
||
| 999 |
_c103619 _d103619 |
||